| 000 | 01359cam a22003494a 4500 | ||
|---|---|---|---|
| 001 | 15527039 | ||
| 003 | OSt | ||
| 005 | 20140310182432.0 | ||
| 008 | 081118s2010 maua b 001 0 eng | ||
| 010 | _a 2008050237 | ||
| 016 | 7 |
_a101489406 _2DNLM |
|
| 020 | _a9780763755584 (pbk.) | ||
| 035 | _a(OCoLC)ocn275864635 | ||
| 040 |
_aDNLM/DLC _cDLC _dBTCTA _dNLM _dYDXCP _dC#P _dCDX _dBWX _dEXW _dDLC |
||
| 042 | _apcc | ||
| 050 | 0 | 0 |
_aR 729.5 _b.H4C65 2010 |
| 100 |
_aFreshman, Brenda. _97477 |
||
| 245 | 0 | 0 |
_aCollaboration across the disciplines in health care / _ceditors, Brenda Freshman, Louis Rubino, Yolanda (Linda) Reid Chassiakos. |
| 260 |
_aSudbury, Mass. : _bJones and Bartlett Publishers, _cc2010. |
||
| 300 |
_axl, 399 p. : _bill. ; _c23 cm. |
||
| 650 | 0 |
_aHealth care teams. _97478 |
|
| 650 | 1 | 2 |
_aPatient Care Team _xorganization & administration. _97479 |
| 650 | 2 | 2 |
_aCooperative Behavior. _97480 |
| 650 | 2 | 2 |
_aInterprofessional Relations. _97481 |
| 700 | 1 |
_aFreshman, Brenda. _97482 |
|
| 700 | 1 |
_aRubino, Louis. _97483 |
|
| 700 | 1 |
_aChassiakos, Yolanda Reid. _97484 |
|
| 906 |
_a7 _bcbc _corignew _d1 _eecip _f20 _gy-gencatlg |
||
| 942 |
_2lcc _cSSLC |
||
| 999 |
_c13386 _d13386 |
||